Διαμάχες για την ιστορία των αρχαίων ελληνικών μαθηματικών

Αποθηκεύτηκε σε:
Λεπτομέρειες βιβλιογραφικής εγγραφής
Άλλοι συγγραφείς: Unguru, Sabetai, Χριστιανίδης, Γιάννης (Συγγραφέας εισαγωγής κ.λπ., Επιμελητής έκδοσης), Διαλέτης, Δημήτριος (Συγγραφέας εισαγωγής κ.λπ., Επιμελητής έκδοσης)
Μορφή: Βιβλίο
Γλώσσα:Greek
Δημοσίευση: Ηράκλειο : Πανεπιστημιακές Εκδόσεις Κρήτης, 2006.
Σειρά:Ιστορία και φιλοσοφία της Επιστήμης. Ιστορία.
Θέματα:
Ετικέτες: Προσθήκη ετικέτας
Δεν υπάρχουν, Καταχωρήστε ετικέτα πρώτοι!

MARC

LEADER 00000cam a2200000 i 4500
001 1/86170
008 080523s2006 gr | ||| |||| ||gre||
020 |a 9605242192 
035 |l 10097597 
040 |a GR-MyUA  |b gre  |e AACR2 
041 0 |a gre 
082 7 |a 510.93   |2 (22) 
245 0 0 |a Διαμάχες για την ιστορία των αρχαίων ελληνικών μαθηματικών /   |c S. Unguru ... [κ.ά.] ; εισαγωγή, επιμέλεια Γιάννης Χριστιανίδης, Δημήτρης Διαλέτης.  
260 |a Ηράκλειο :   |b Πανεπιστημιακές Εκδόσεις Κρήτης,   |c 2006.  
300 |a 147 σ. :   |b διαγρ. ;   |c 24 εκ.  
490 1 |a (Ιστορία και φιλοσοφία της επιστήμης / Ιστορία) 
504 |a Περιέχει βιβλιογραφικές αναφορές.  
650 0 0 |a Mathematics, Greek  |x History. 
700 1 |a Unguru, Sabetai. 
700 1 |a Χριστιανίδης, Γιάννης,  |e aui  |e edt 
700 1 |a Διαλέτης, Δημήτριος,  |e aui  |e edt 
830 0 |a Ιστορία και φιλοσοφία της Επιστήμης.   |p Ιστορία. 
852 |a INST  |b LESVOS  |e 20081218  |h 510.93 ΔΙΑ  |p 005100044075  |q 005100044075  |t BK  |y 0 
852 |a INST  |b SAMOS  |e 20080611  |h 510.93 ΔΙΑ  |p 005300030284  |q 005300030284  |t BK  |y 0 
852 |a INST  |b SAMOS  |e 20080523  |h 510.93 ΔΙΑ  |p 005300030350  |q 005300030350  |t BK  |y 0 
901 |a BIBL3-2008-2 
901 |a BIBL3-2008-2 
901 |a BIBL1-2008-3 
909 |a Σ  |b 140777 
909 |a Σ  |b 145944 
909 |a Λ  |b 141234 
920 |a ΕΠΕΑΕΚ ΠΜΣ ΔΙΑΧΕΙΡΙΣΗ ΠΑΡΑΚΤΙΩΝ ΠΕΡΙΟΧΩΝ  |y Λέσβος  |z 2008-09 
922 |a 3ΕΛΗ  |b 200711  |c ΕΠΕΑΕΚ2/ΤΣΑΕ  |d ΠΑΤΑΚΗΣ 
922 |a 3ΕΛΗ  |b 200802  |c ΕΠΕΑΕΚ2/ΤΜΗΜΑ ΜΑΘΗΜΑΤΙΚΩΝ  |d ΠΑΤΑΚΗΣ 
970 |a ΡΟΥΣΣΟΥ  |b ΚΩΝΣΤΑΝΤΙΝΑ  |z 2008/05/23